Effect of using mung bean foliage replacing soy bean in feed ingredient on growth rate of quail at animal experimental station of rua, ឥទ្ធិពលនៃការប្រើប្រាស់ស្លឹកសណ្ដែកបាយជំនួសសណ្ដែកសៀងជាចំណីផ្សំលើការលូតលាស់របស់ក្រូចនៅស្ថានីយ៍ចិញ្ចឹមសត្វ​នៃស.វ.ក.ភ (Record no. 2319)

000 -LEADER
fixed length control field 00829nam a22001577a 4500
003 - CONTROL NUMBER IDENTIFIER
control field OSt
005 - DATE AND TIME OF LATEST TRANSACTION
control field 20151019145400.0
008 - FIXED-LENGTH DATA ELEMENTS--GENERAL INFORMATION
fixed length control field 151019b xxu||||| |||| 00| 0 eng d
040 ## - CATALOGING SOURCE
Transcribing agency RUA
082 ## - DEWEY DECIMAL CLASSIFICATION NUMBER
Classification number AVM YOU 2009 B087 Or.1
100 ## - MAIN ENTRY--PERSONAL NAME
9 (RLIN) 2465
Personal name YOU, SARATH.
245 ## - TITLE STATEMENT
Title Effect of using mung bean foliage replacing soy bean in feed ingredient on growth rate of quail at animal experimental station of rua, ឥទ្ធិពលនៃការប្រើប្រាស់ស្លឹកសណ្ដែកបាយជំនួសសណ្ដែកសៀងជាចំណីផ្សំលើការលូតលាស់របស់ក្រូចនៅស្ថានីយ៍ចិញ្ចឹមសត្វ​នៃស.វ.ក.ភ
260 ## - PUBLICATION, DISTRIBUTION, ETC. (IMPRINT)
Place of publication, distribution, etc. Phnom Penh
Name of publisher, distributor, etc. RUA
Date of publication, distribution, etc. 2009
300 ## - PHYSICAL DESCRIPTION
Extent x; 40p.
Other physical details ill.
Dimensions 29cm.
942 ## - ADDED ENTRY ELEMENTS (KOHA)
Source of classification or shelving scheme
Koha item type AVM
Holdings
Price effective from Date last seen Permanent Location Not for loan Date acquired Source of classification or shelving scheme Koha item type Lost status Withdrawn status Date last checked out Total Checkouts Shelving location Damaged status Barcode Current Location Full call number
2015-10-192015-10-19Library Block B 2015-10-19 AVM    B087 RUA015886Library Block BAVM YOU 2009 B087 Or.1
2015-10-192015-10-19Library Block B 2015-10-19 AVM    B087 RUA016029Library Block BAVM YOU 2009 B087 Or.2
2015-10-192015-10-19Library Block B 2015-10-19 AVM    B087 RUA016201Library Block BAVM YOU 2009 B087 Or.3
2015-10-192022-11-16Library Block B 2015-10-19 AVM  2022-11-011B087 RUA016134Library Block BAVM YOU 2009 B087 Or.4
2015-10-192016-03-24Library Block B 2015-10-19 AVM  2016-03-041B087 RUA016080Library Block BAVM YOU 2009 B087 Or.5
2015-10-192015-10-19Library Block B 2015-10-19 AVM    B087 RUA006780Library Block BAVM YOU 2009 B087 Or.6
2015-10-192015-10-19Library Block B 2015-10-19 AVM    B087 RUA006009Library Block BAVM YOU 2009 B087 Or.7
2015-10-202017-08-03Library Block B 2015-10-20 AVM  2017-02-101B087 RUA009448Library Block BAVM YOU 2009 B087 Or.8
2015-10-202016-08-19Library Block B 2015-10-20 AVM  2016-08-172B087 RUA018306Library Block BAVM YOU 2009 B087 Or.9
មជ្ឈមណ្ឌលឯការនៃសាកលវិទ្យាល័យភូមិន្ទកសិកម្មចំការដូង

Powered by Koha